00381nam a2200157Ia 45000010006000000050017000060080041000230410008000640820015000721000039000872450045001262600009001713000027001806500008002076540008002152078820260306172831.0260306t2015||||xx |||||||||||||| ||spa|| aESP a343.8bB45 aBernal Rojas, Josué AlfredoeAUT 0aLlenado del pdt 621 soluciones practicas c2015 a62 páginas :c24 cm. aGEN aCDE